书目信息 |
| 题名: |
地质灾害防灾减灾体系理论与建设
|
|
| 作者: | 代德富 , 胡赵兴 , 刘伶 主编 | |
| 分册: | ||
| 出版信息: | 北京 北京工业大学出版社 2021.10 |
|
| 页数: | 249页 | |
| 开本: | 24cm | |
| 丛书名: | ||
| 单 册: | ||
| 中图分类: | P694 | |
| 科图分类: | ||
| 主题词: | 地质灾害--di zhi zai hai--防灾--研究 , 地质灾害--di zhi zai hai--减灾管理--研究 | |
| 电子资源: | ||
| ISBN: | 978-7-5639-6746-9 | |
| 000 | 01008nam0 2200277 450 | |
| 001 | CAL 0120227343473 | |
| 005 | 20230217093113.0 | |
| 010 | @a978-7-5639-6746-9@dCNY42.00 | |
| 100 | @a20220106d2021 em y0chiy0120 ea | |
| 101 | 0 | @achi |
| 102 | @aCN@b110000 | |
| 105 | @ay a 000yy | |
| 106 | @ar | |
| 200 | 1 | @a地质灾害防灾减灾体系理论与建设@Adi zhi zai hai fang zai jian zai ti xi li lun yu jian she@f代德富, 胡赵兴, 刘伶主编 |
| 210 | @a北京@c北京工业大学出版社@d2021.10 | |
| 215 | @a249页@d24cm | |
| 320 | @a有书目 (第247-249页) | |
| 330 | @a本书共五章, 内容包括: 地质灾害与防灾减灾概述、地面变形地质灾害及防治、斜坡地质灾害及防治、工程岩土体地质灾害及防治、城市地质灾害及防治。 | |
| 606 | 0 | @a地质灾害@Adi zhi zai hai@x防灾@x研究 |
| 606 | 0 | @a地质灾害@Adi zhi zai hai@x减灾管理@x研究 |
| 690 | @aP694@v5 | |
| 701 | 0 | @a代德富@Adai de fu@4主编 |
| 701 | 0 | @a胡赵兴@Ahu zhao xing@4主编 |
| 701 | 0 | @a刘伶@Aliu ling@4主编 |
| 801 | 0 | @aCN@bBJXHZP@c20230228 |
| 905 | @b1404633-6@dP694@e171@f4 | |
| 地质灾害防灾减灾体系理论与建设/代德富, 胡赵兴, 刘伶主编.-北京:北京工业大学出版社,2021.10 |
| 249页;24cm |
| ISBN 978-7-5639-6746-9:CNY42.00 |
| 本书共五章, 内容包括: 地质灾害与防灾减灾概述、地面变形地质灾害及防治、斜坡地质灾害及防治、工程岩土体地质灾害及防治、城市地质灾害及防治。 |
| ● |
| 相关链接 |
|
|
|
|
正题名:地质灾害防灾减灾体系理论与建设
索取号:P694/171
 
预约/预借
| 序号 | 登录号 | 条形码 | 馆藏地/架位号 | 状态 | 备注 |
| 1 | 1404633 | 214046334 | 第二样本阅览室/ [索取号:P694/171] | 在馆 | |
| 2 | 1404634 | 214046343 | 第三借阅区/ [索取号:P694/171] | 在馆 | |
| 3 | 1404635 | 214046352 | 第三借阅区/ [索取号:P694/171] | 在馆 | |
| 4 | 1404636 | 214046361 | 第三借阅区/ [索取号:P694/171] | 在馆 |